000 01201nam a22003497a 4500
001 BR8402303
003 BR-BrBNA
005 20230928091917.0
007 ta
008 230509b bl.||||| |||| 00| 0 por d
040 _aBR-BrBNA
_bpor
_cBiblioteca Nacional de Agricultura
041 _a(Por)
072 _aH20
_b1740
_b4120
090 _ 1740 BR8402303
100 1 _aGhini, R.
110 1 _aEscola Superior de Agricultura Luiz de Queiroz, Piracicaba, SP (Brasil)
_0Dissertacao (Mestre em Agronomia)
245 1 _aCaracterizacao morfologica, serologica e patogenica de especies de Botrytis que ocorrem na cultura da cebola (Allium cepa L.)[fungo]
246 1 _aMorphological, serological and pathogenic characterization of Botrytis spp. occuring on onion (Allium cepa L.)crop [fungus]
260 3 _aPiracicaba, SP (Brasil):
_c1984.
300 _a53 p.
500 _a10 tables; Summaries (Eng, Por); Bibliography p. 45-53 (58 ref.)
650 _aCEBOLA
650 _aBULBO
650 _aFUNGO
650 _aQUEIMA DAS PONTAS
650 _aSINTOMA
650 _aCONIDIO
650 _aMORFOLOGIA ANIMAL
650 _aSORO
909 _a202309
_bLucia
_c55
_dLucia Elande
942 _cBK
999 _c36160
_d36160